Elvis Presley - Fill in the Blanks - Song Titles - Statistics

General Stats
  • This quiz has been taken 268 times
  • The average score is 12 of 15
Answer Stats
Title Missing Words % Correct
Jailhouse ____ Rock
98%
Can't Help _______ in Love Falling
97%
Heartbreak _____ Hotel
96%
Love Me ______ Tender
96%
_____ Dog Hound
92%
Blue Suede _____ Shoes
92%
Suspicious _____ Minds
91%
(Let Me be Your) _____ Bear Teddy
85%
Are You ________ Tonight? Lonesome
81%
A Little Less ____________ Conversation
73%
Hard Headed _____ Women
69%
An ________ Trilogy American
68%
________ Rain Kentucky
52%
Don't Cry _____ Daddy
46%
Steamroller _____ Blues
41%
No matching quizzes found
Score Distribution
Percent of People with Each Score
Percentile by Number Answered
Your Score History
You have not taken this quiz